| 000 | 00363nam a22001217a 4500 | ||
|---|---|---|---|
| 008 | 180517b xxu||||| |||| 00| 0 eng d | ||
| 041 | _aeng | ||
| 080 | _a043.3 | ||
| 100 | _a0 | ||
| 101 | _aMBE-MA | ||
| 245 |
_aAnalysis of Trade Interdependency, Trade Dependency and Comparative Advantages of Trade between Kosovo and Balkan States _cHyseni, T |
||
| 942 |
_2udc _cBK |
||
| 999 |
_c45912 _d45912 |
||